Zgadnij ile jest kilometrów na danej trasie - Statystyki

Ogólne statystyki
  • Ten quiz został rozwiązany 34 razy
  • Średni wynik to 7 z 12
Statystyki odpowiedzi
Zagadnienie Komórka Select % Poprawnych
Katowice Spodek - Gdańsk Westerplatte Nie
84%
Warszawa PKiN - Łódź Dworzec Fabryczny Nie
81%
Wieliczka Kopalnia - Bochnia Kopalnia Nie
81%
Wieliczka Kopalnia - Bochnia Kopalnia Nie
72%
Wieliczka Kopalnia - Bochnia Kopalnia Tak
72%
Wawel - Rynek Kraków Nie
66%
Warszawa PKiN - Łódź Dworzec Fabryczny Nie
50%
Katowice Spodek - Gdańsk Westerplatte Nie
50%
Katowice Spodek - Gdańsk Westerplatte Tak
50%
Warszawa PKiN - Łódź Dworzec Fabryczny Tak
47%
Wawel - Rynek Kraków Nie
41%
Wawel - Rynek Kraków Tak
25%
Nie znaleziono quizów pasujących do podanych kryteriów
Rozkład punktacji
Procent ludzi z każdym wynikiem
Percentyl według liczby udzielonych odpowiedzi
Twoja historia wyników
Nie rozwiązałeś tego quizu